|
|
|
|
| LEADER |
00887nam a2200241 a 4500 |
| 001 |
1069097 |
| 008 |
090707s1991 nyu 001 0 eng d |
| 010 |
|
|
|a \\\91008075
|
| 020 |
|
|
|a 0812046005
|
| 040 |
|
|
|a DLC
|c DLC
|d DLC
|
| 082 |
0 |
0 |
|a 820.9
|2 20
|
| 100 |
1 |
|
|a Griffith, Benjamin W.
|
| 245 |
1 |
0 |
|a English literature /
|c Benjamin W. Griffith.
|
| 260 |
|
|
|a New York :
|b Barron's,
|c c1991.
|
| 300 |
|
|
|a 138 p. ;
|c 21 cm.
|
| 490 |
1 |
|
|a Barron's EZ-101 study keys
|
| 504 |
|
|
|a Includes index.
|
| 541 |
1 |
|
|e 00009278
|
| 650 |
|
0 |
|a English literature
|x Outlines, syllabi, etc.
|
| 830 |
|
0 |
|a Barron's EZ 101 study keys.
|
| 852 |
4 |
|
|a Ayesha Abed Library
|j General shelf
|
| 999 |
|
|
|c 2163
|d 2163
|
| 952 |
|
|
|0 0
|1 0
|2 ddc
|4 1
|6 820_900000000000000_GRI
|7 0
|9 1994
|a BRACUL
|b BRACUL
|c SPS
|d 2009-07-07
|g 0.00
|l 2
|m 6
|o 820.9 GRI
|p 3010009278
|r 2017-08-09
|s 2017-07-05
|t 1
|w 2009-07-07
|y BK
|x No price found in the accession register.
|